The art of spending money (Record no. 11535)

MARC details
000 -LEADER
fixed length control field 01914nam a22001697a 4500
020 ## - INTERNATIONAL STANDARD BOOK NUMBER
ISBN 9781804091890
082 ## - DEWEY DECIMAL CLASSIFICATION NUMBER
Classification number 332.024HOU
100 ## - MAIN ENTRY--AUTHOR NAME
Personal name Housel, Morgan
245 ## - TITLE STATEMENT
Title The art of spending money
Sub Title simple choices for a richer life
260 ## - PUBLICATION, DISTRIBUTION, ETC. (IMPRINT)
Place of publication New York
Name of publisher Penguin
Year of publication 2025
300 ## - PHYSICAL DESCRIPTION
Number of Pages xx, 233p. : ill.
Other physical details 23 cm
504 ## - BIBLIOGRAPHY, ETC. NOTE
Bibliography, etc Includes bibliographical references (pages 221-233)
520 ## - SUMMARY, ETC.
Summary, etc From the bestselling author of The Psychology of Money and Same as Ever, lessons on harnessing the power of money to live a happier life Can money buy happiness? Yes. Can spending it make you happier? Absolutely. Yet, many of us struggle to unlock its full potential-either by spending on things that don't bring as much joy as they should or by avoiding investments that would truly enhance our mental well-being. In The Art of Spending Money, award-winning author Morgan Housel offers a refreshingly practical approach to managing wealth while finding deeper meaning and contentment. Instead of cookie-cutter financial advice, Housel provides you with psychological tools to navigate your personal relationship between money and optimizing for happiness. Discover why people often mistake envy for admiration, how to align your expectations with your income, and ways to invest in future happiness while avoiding regret. Learn about the dangers of social debt and embrace the radical idea that the fastest way to build wealth is by going slow. The Art of Spending Money delves into the complexities that surround money-envy, social aspirations, identity, and insecurity-crucial aspects often missed in traditional financial books. Armed with new insights into money and wealth, you'll learn to sidestep common spending traps, make smarter investing choices, and wield money to its fullest potential to enhance your enjoyment of life"
650 ## - SUBJECT ADDED ENTRY--TOPICAL TERM
Topical Term Money--Psychological aspects
942 ## - ADDED ENTRY ELEMENTS (KOHA)
Koha item type Book
Holdings
Withdrawn status Lost status Damaged status Not for loan Permanent Location Current Location Shelving location Date acquired Cost, normal purchase price Full call number Accession Number Price effective from Koha item type
        UONGOZI Institute Resources Centre - Dar es Salaam UONGOZI Institute Resources Centre - Dar es Salaam Personal Development 06/19/2026 42869.00 332.024HOU UR010549 07/01/2026 Book
        UONGOZI Institute Resources Centre - Dar es Salaam UONGOZI Institute Resources Centre - Dar es Salaam Personal Development 06/19/2026 42869.00 332.024HOU UR010550 07/01/2026 Book